000
00341nam a2200133Ia 4500
008
151001s9999||||xx |||||||||||||| ||und||
100
_a
मनोहर माळगांवकर
245
_a
अंधातरी
250
_a
1
260
_b
केशरी प्रकाशन
260
_c
1973
300
_a
324
365
_b
18
999
_c
956032
_d
956029